| 000 | 00564nam a2200193Ia 4500 | ||
|---|---|---|---|
| 003 | LDD | ||
| 008 | 181029s9999 xx 000 0 und d | ||
| 020 |
_a9780415343725 _cP 100.00 |
||
| 040 | _cLDD | ||
| 100 | _aMilbourne, Paul | ||
| 245 | 0 |
_aInternational perspectives on rural homelessness _cPaul Milbourne |
|
| 260 |
_aLondon _bRoutledge _c2006 |
||
| 300 | _axi, 324p. | ||
| 365 | _bP 100.00 | ||
| 901 |
_a12330 _b13-03-2015 |
||
| 902 |
_aIN28623 _b13-03-2015 _cF _dSB _e0 |
||
| 903 |
_aDiscount-50 _bReqst by : Rabindra Kumar |
||
| 942 |
_2ddc _cBK |
||
| 999 |
_c113629 _d113629 |
||